Gréckokatolíci na Slovensku

Na minha lista:
Detalhes bibliográficos
Main Authors: Székely, Gabriel (Author), Mesároš, Anton (Author)
Formato: Livro
Idioma:eslovaco
Publicado em: Košice : Slovo, 1997
Assuntos:
Tags: Adicionar Tag
Sem tags, seja o primeiro a adicionar uma tag!

MARC

LEADER 00000nam a22000003a 4500
001 stu49600
005 20150617225659.1
008 990507s1997------------------------slo-d
020 |a 80-85291-35-5 
040 |a STU  |b slo 
041 0 |a slo 
100 1 |a Székely, Gabriel  |4 aut 
245 1 |a Gréckokatolíci na Slovensku 
260 |a Košice :  |b Slovo,  |c 1997 
300 |a 85 s 
500 |a obr. 
650 7 |a architektúra_sakrálna_dejiny  |2 stusub 
650 7 |a kostoly  |2 stusub 
650 7 |a architektúra sakrálna  |2 stusub 
700 1 |a Mesároš, Anton  |4 aut 
996 |b 284AU02747  |c A*3301 U  |l AAKNST  |s P  |a 0  |w stu49600_0001